• 首页
  • 本馆介绍
  • 公告通知
  • 最新文献
  • 馆藏检索
  • 电子资源
  • 读者导购
  • 参考咨询
  • 我的图书馆
  • 登录
  • 详细信息显示
  • 放入我的书架
  • 预约/预借图书
  • 作者相关作品
  • 分类相关作品
  • 丛书相关作品
  • 出版社相关作品

书目信息

  • 表格格式
  • 工作单格式
  • 卡片格式
题名:
学前儿童社会教育活动指导
    
 
作者: 萧烽 , 林琳 , 孙方伟 主编
分册:  
出版信息: 北京   航空工业出版社  2019.9
页数: 196页
开本: 26cm
丛书名:
单 册:
中图分类: G611
科图分类:
主题词: 学前儿童--社会教育--幼儿师范学校--教材
电子资源:
ISBN: 978-7-5165-2023-9
000 01066nam0 2200265 45
001 012001000737
005 20140820080612.0
010    @a978-7-5165-2023-9@dCNY39.80
100    @a20210129d2019 em y0chiy0110 ea
101 0  @achi
102    @aCN@b110000
105    @aa z 000yy
106    @ar
200 1  @a学前儿童社会教育活动指导@Axue qian er tong she hui jiao yu huo dong zhi dao@f萧烽, 林琳, 孙方伟主编
210    @a北京@c航空工业出版社@d2019.9
215    @a196页@c图@d26cm
300    @a创新型学前教育专业精品教材 “互联网+教育”新形态教材 含微课
330    @a本书共七章,内容包括学前儿童社会教育概述、学前儿童自我意识教育活动指导、学前儿童情绪和情感教育活动指导、学前儿童社会认知与社会适应教育活动指导、学前儿童社会性行为教育活动指导、学前儿童社会交往教育活动指导和学前儿童多元文化教育活动指导。
606 0  @a学前儿童@x社会教育@x幼儿师范学校@j教材
690    @aG611@v5
701  0 @a萧烽@Axiao feng@4主编
701  0 @a林琳@Alin lin@4主编
701  0 @a孙方伟@Asun fang wei@4主编
801    @aCN@bAHXH@c20210922
905    @b1246990-4@dG611@e1755@f5
    
    学前儿童社会教育活动指导/萧烽, 林琳, 孙方伟主编.-北京:航空工业出版社,2019.9
    196页:图;26cm
    创新型学前教育专业精品教材 “互联网+教育”新形态教材 含微课
    
    ISBN 978-7-5165-2023-9:CNY39.80
    本书共七章,内容包括学前儿童社会教育概述、学前儿童自我意识教育活动指导、学前儿童情绪和情感教育活动指导、学前儿童社会认知与社会适应教育活动指导、学前儿童社会性行为教育活动指导、学前儿童社会交往教育活动指导和学前儿童多元文化教育活动指导。
●
相关链接 在E读中查询图书 在五车中查询图书 在当当中查询图书 在豆瓣中查询图书


正题名:学前儿童社会教育活动指导     索取号:G611/1755         预约/预借

序号 登录号 条形码 馆藏地/架位号 状态 备注
1 1246990   212469906   第一样本阅览室/ [索取号:G611/1755] 在馆    
2 1246991   212469915   教育系资料室/ [索取号:G611/1755] 在馆    
3 1246992   212469924   教育系资料室/ [索取号:G611/1755] 在馆    
4 1246993   212469933   第四借阅区/ [索取号:G611/1755] 在馆    
5 1246994   212469942   第四借阅区/ [索取号:G611/1755] 在馆    
唐山师范学院图书馆 欢迎您!
大连网信软件有限公司© 版权所有